Algunos principios generales de técnica tributaria (Registro nro. 28471)

Detalles MARC
000 -LEADER
fixed length control field 00397 a2200109 4500
001 - CONTROL NUMBER
control field ART_23266
005 - DATE AND TIME OF LATEST TRANSACTION
control field 20260410161930.0
008 - FIXED-LENGTH DATA ELEMENTS--GENERAL INFORMATION
fixed length control field 260409a
100 1# - MAIN ENTRY--PERSONAL NAME
Personal name Caplán, Benedicto
245 10 - TITLE STATEMENT
Title Algunos principios generales de técnica tributaria
773 0# - HOST ITEM ENTRY
Title Revista de la Facultad de Ciencias Económicas de la Universidad de Cuyo
Related parts - Año IV, Nº 10 (ene./abr. 1952)
Record control number REV22981

No hay ítems disponibles.